New Jersey A-Z - Statistics

General Stats
  • This quiz has been taken 83 times
  • The average score is 18 of 25
Answer Stats
Hint Answer % Correct
A Resort city, Boardwalk, casinos Atlantic City
99%
H River between New Jersey and New York Hudson River
99%
Y Color of most recent license plate Yellow
96%
N Largest city Newark
94%
P Ivy-league university Princeton
94%
D Washington's crossing Delaware River
93%
M Board game based off A Monopoly
93%
R State university Rutgers
93%
G Nickname Garden State
91%
J Second largest city Jersey City
88%
C City across the river from Philadelphia Camden
84%
T I-95: New Jersey ________ Turnpike
84%
B Most populous county Bergen County
81%
Z Type of ship the Hindenburg was Zeppelin
81%
Q Religious group that settled the Delaware River Valley Quakers
80%
U Name of a county and city Union
80%
O Fastest growing county since 1990 Ocean County
61%
L Native American tribe living near D Lenape
52%
S Mascot of the above Scarlet Knights
52%
F Bruce Springsteen's hometown Freehold
48%
K Location of the Federal Shipbuilding and Drydock Company Kearny
30%
W Thomas Edison residence and laboratory location West Orange
30%
E Great ___ ______ Bay Egg Harbor
28%
V Location of the Philadelphia Flyers' training facility Voorhees
26%
I New Jersey didn't have this before 1976 Income Tax
14%
No matching quizzes found
Score Distribution
Percent of People with Each Score
Percentile by Number Answered
Your Score History
You have not taken this quiz